Statistiken für Größte Burgenländische Gemeinden A-Z

Klicken Sie hier um das Quiz zu spielen!

Allgemein

  • Dieses Quiz wurde 34 mal gespielt
  • Das Durchschnittsergebnis liegt bei 11 aus 21

Antwortstatistiken

BevölkerungGemeinde% Korrekt
E14.895Eisenstadt
100%
O7.662Oberwart
95%
J4.121Jennersdorf
90%
M7.538Mattersburg
90%
N8.643Neusiedl am See
90%
P5.882Pinkafeld
75%
A2.265Andau
70%
D3.114Deutschkreutz
55%
G3.944Gols
55%
Z2.280Zurndorf
50%
B3.053Bruckneudorf
45%
R2.937Rechnitz
45%
F2.854Frauenkirchen
40%
W2.697Wiesen
40%
H3.176Hornstein
35%
L2.016Lockenhaus
35%
I2.377Illmitz
30%
K3.418Kittsee
30%
S3.118Siegendorf
30%
T2.067Trausdorf an der Wulka
15%
U1.002Unterkohlstätten
15%

Verteilung der Resultate

Perzentil nach korrekt beantworteten Fragen

Anzahl Personen mit jedem Resultat

Ihre Resultats-Entwicklung

Sie haben dieses Quiz noch nicht gespielt